000 00261nam a2200097Ia 4500
005 20251222114347.0
008 251222s1900||||xx |||||||||||||| ||spa||
082 _aDVD0080/M97/2010
245 0 _aDuns Scotus:Scoto: defensor de la Inmaculada Concepción
942 _cDVD
999 _c1083
_d1083